[Event "TUR-chT 2nd League"]
[Site "Denizli"]
[Date "2023.07.09"]
[Round "1.75"]
[White "Kaya, Emel"]
[Black "Bolu, Yagmur"]
[Result "1-0"]
[WhiteElo "1912"]
[BlackElo "1499"]
[PlyCount "71"]
[EventDate "2023.07.09"]
[EventType "team-swiss"]
[EventRounds "9"]
[EventCountry "TUR"]
[SourceTitle "CBM 215 Extra"]
[Source "ChessBase"]
[SourceDate "2023.09.30"]
[SourceVersion "1"]
[SourceVersionDate "2023.09.30"]
[SourceQuality "1"]
[WhiteTeam "Manisa Turkuaz"]
[BlackTeam "Altin Hamle Corum"]
[WhiteTeamCountry "TUR"]
[BlackTeamCountry "TUR"]

1. e4 g6 2. d4 Bg7 3. Be3 c6 4. c4 d6 5. Nc3 Nd7 6. Nf3 Ngf6 7. h3 0-0 8. Be2 e5 9. 0-0 Qe7 10. d5 Nc5 11. Nd2 a5 12. a3 Bd7 13. b4 axb4 14. axb4 Na6 15. Qb3 Rfc8 16. Na4 Re8 17. Nb6 Rad8 18. Nxd7 Qxd7 19. dxc6 Qc7 20. Qa4 Nb8 21. cxb7 Qxb7 22. Qa7 Qxa7 23. Rxa7 Nc6 24. Ra4 Nd4 25. Bd3 Rb8 26. Rb1 Rb7 27. Nb3 Nd7 28. b5 Nxb3 29. Rxb3 Nc5 30. Bxc5 dxc5 31. Rba3 Bf8 32. Kf1 Rd8 33. Ke2 Rb6 34. Ra8 Rbb8 35. Rxb8 Rxb8 36. Ra6 1-0

[Event "TUR-chT 2nd League"]
[Site "Konya"]
[Date "2018.07.22"]
[Round "9.2"]
[White "Kocyigit, Buse Naz"]
[Black "Bolu, Yagmur"]
[Result "1-0"]
[WhiteElo "1937"]
[BlackElo "1438"]
[PlyCount "76"]
[EventDate "2018.07.16"]
[EventType "team-swiss"]
[EventRounds "9"]
[EventCountry "TUR"]
[SourceTitle "EXT 2019"]
[Source "ChessBase"]
[SourceDate "2018.10.10"]
[SourceVersion "1"]
[SourceVersionDate "2018.10.10"]
[SourceQuality "1"]
[WhiteTeam "Olbia VE Spor"]
[BlackTeam "Mezopotamya"]
[WhiteTeamCountry "TUR"]
[BlackTeamCountry "TUR"]

1. d4 d5 2. Nf3 e6 3. c4 a6 4. e3 Nf6 5. Nc3 Be7 6. Bd3 0-0 7. 0-0 dxc4 8. Bxc4 b5 9. Be2 Bb7 10. b3 Nbd7 11. Bb2 c5 12. Rc1 Rc8 13. a4 b4 14. Nb1 Ne4 15. Nbd2 Ndf6 16. Nc4 Nd5 17. Qc2 Ndc3 18. Bd3 h6 19. dxc5 Bxc5 20. Nfe5 Qg5 21. Nf3 Qd8 22. Nfd2 Nxd2 23. Qxd2 Qd5 24. f3 Rcd8 25. Rfd1 Nxd1 26. Rxd1 Qg5 27. Qe2 Bd5 28. Re1 Rd7 29. Kh1 Bxc4 30. Bxc4 a5 31. f4 Qf5 32. Bb5 Rb7 33. Rc1 Ba7 34. Qf3 Qd5 35. Qg3 g6 36. Qh4 Kh7 37. Qf6 Rg8 38. Bc6 Qxb3 1-0

[Event "EU-ch U12 Girls 26th"]
[Site "Prague"]
[Date "2016.08.26"]
[Round "8"]
[White "Donghvani, Nia"]
[Black "Bolu, Yagmur"]
[Result "0-1"]
[WhiteElo "1686"]
[BlackElo "1510"]
[PlyCount "92"]
[EventDate "2016.08.18"]
[EventType "swiss"]
[EventRounds "9"]
[EventCountry "CZE"]
[SourceTitle "CBM 174 Extra"]
[Source "ChessBase"]
[SourceDate "2016.10.10"]
[SourceVersion "1"]
[SourceVersionDate "2016.10.10"]
[SourceQuality "1"]

1. e4 g6 2. d4 Bg7 3. Nc3 c6 4. f4 d5 5. e5 Nh6 6. Nf3 Bg4 7. Be3 f6 8. Qd2 Bxf3 9. gxf3 0-0 10. 0-0-0 Nf5 11. h4 Bh6 12. Ne2 fxe5 13. h5 exf4 14. Bxf4 Bxf4 15. Nxf4 Qd6 16. hxg6 hxg6 17. Nh3 Ng3 18. Rg1 Rxf3 19. Ng5 Rxf1 20. Rdxf1 Nxf1 21. Rxf1 Nd7 22. Rg1 Rf8 23. Qd3 Qf4+ 24. Kb1 Rf6 25. Qh3 Nf8 26. a3 Qxd4 27. Rh1 Rf5 28. Nh7 Qg7 29. Nxf8 Kxf8 30. Rg1 Qf6 31. Ka2 Kg7 32. Qb3 Qd4 33. Re1 Qc4 34. Rxe7+ Rf7 35. Qxc4 dxc4 36. Re4 b5 37. a4 a6 38. Re6 Rf6 39. Re7+ Kf8 40. Ra7 c5 41. Rc7 Rb6 42. Rxc5 Kg7 43. a5 Rf6 44. Rc7+ Kh6 45. Ka3 g5 46. Kb4 g4 0-1

[Event "EU-ch U12 Girls 26th"]
[Site "Prague"]
[Date "2016.08.22"]
[Round "5"]
[White "Bolu, Yagmur"]
[Black "Maziukaite, Kristina"]
[Result "1-0"]
[WhiteElo "1510"]
[BlackElo "1323"]
[PlyCount "59"]
[EventDate "2016.08.18"]
[EventType "swiss"]
[EventRounds "9"]
[EventCountry "CZE"]
[SourceTitle "CBM 174 Extra"]
[Source "ChessBase"]
[SourceDate "2016.10.10"]
[SourceVersion "1"]
[SourceVersionDate "2016.10.10"]
[SourceQuality "1"]

1. d4 Nf6 2. Bf4 g6 3. e3 Bg7 4. Nf3 d6 5. h3 Nbd7 6. Be2 c6 7. 0-0 Qc7 8. c4 0-0 9. Nc3 e5 10. Bh2 Re8 11. c5 dxc5 12. dxe5 Nxe5 13. Bxe5 Qe7 14. Bd6 Qe6 15. Bxc5 b6 16. Bd4 Rd8 17. Qc2 Bb7 18. Bxf6 Bxf6 19. a3 Rd6 20. Rad1 Rad8 21. Ne4 Rxd1 22. Nxf6+ Qxf6 23. Rxd1 Rxd1+ 24. Bxd1 c5 25. Nd2 Qg5 26. Bf3 Bc8 27. Ne4 Qe7 28. Qc3 Be6 29. Nf6+ Kf8 30. Nd5 1-0

[Event "EU-ch U12 Girls 26th"]
[Site "Prague"]
[Date "2016.08.21"]
[Round "4"]
[White "Portnoy, Noam"]
[Black "Bolu, Yagmur"]
[Result "1-0"]
[WhiteElo "1710"]
[BlackElo "1510"]
[PlyCount "117"]
[EventDate "2016.08.18"]
[EventType "swiss"]
[EventRounds "9"]
[EventCountry "CZE"]
[SourceTitle "CBM 174 Extra"]
[Source "ChessBase"]
[SourceDate "2016.10.10"]
[SourceVersion "1"]
[SourceVersionDate "2016.10.10"]
[SourceQuality "1"]

1. c4 e6 2. Nf3 d5 3. g3 Nf6 4. Bg2 Bd6 5. 0-0 0-0 6. b3 c5 7. Bb2 Nc6 8. d3 a6 9. cxd5 exd5 10. d4 cxd4 11. Nxd4 Bc5 12. Nxc6 bxc6 13. Qc2 Qd6 14. Rc1 Nd7 15. Bh3 Bb4 16. Qxc6 Qxc6 17. Rxc6 Nc5 18. Bxc8 Rfxc8 19. Rxc8+ Rxc8 20. Nc3 Bxc3 21. Bxc3 Ne4 22. Bd4 Rc2 23. Kf1 Rd2 24. Be3 Rc2 25. Rc1 Rxc1+ 26. Bxc1 f6 27. f3 Nd6 28. Kf2 Kf7 29. Ke3 Nf5+ 30. Kd3 Ke6 31. a4 Kd7 32. e4 dxe4+ 33. Kxe4 Ke6 34. Ba3 g6 35. b4 Nd6+ 36. Kd4 Nb7 37. h3 h6 38. Bc1 h5 39. Ba3 g5 40. h4 gxh4 41. gxh4 Kd7 42. b5 axb5 43. axb5 Ke6 44. b6 Kd7 45. Kd5 Nd8 46. Bb2 Ke7 47. Bc3 Nb7 48. Kc6 Nd8+ 49. Kc7 Ne6+ 50. Kc8 Nd8 51. b7 Nxb7 52. Kxb7 f5 53. f4 Ke6 54. Kc6 Kf7 55. Kd7 Kg6 56. Ke6 Kh7 57. Kxf5 Kh6 58. Bd2 Kh7 59. Kg5 1-0

[Event "EU-ch U12 Girls 26th"]
[Site "Prague"]
[Date "2016.08.20"]
[Round "3"]
[White "Bolu, Yagmur"]
[Black "Sild, Marta Pauliine"]
[Result "1/2-1/2"]
[WhiteElo "1510"]
[BlackElo "1239"]
[PlyCount "92"]
[EventDate "2016.08.18"]
[EventType "swiss"]
[EventRounds "9"]
[EventCountry "CZE"]
[SourceTitle "CBM 174 Extra"]
[Source "ChessBase"]
[SourceDate "2016.10.10"]
[SourceVersion "1"]
[SourceVersionDate "2016.10.10"]
[SourceQuality "1"]

1. d4 c5 2. c3 Nf6 3. Bf4 e6 4. e3 Nc6 5. Nf3 d5 6. Nbd2 Be7 7. h3 a6 8. Bd3 h6 9. Bc2 b5 10. 0-0 0-0 11. dxc5 Bxc5 12. Nb3 Bd6 13. Bxd6 Qxd6 14. Nbd4 Bb7 15. Nxc6 Bxc6 16. e4 Qc7 17. exd5 Bxd5 18. Qe2 Qb7 19. Rfd1 Rfd8 20. Qe3 Rac8 21. Bd3 Qc7 22. Ne5 Nd7 23. Nxd7 Qxd7 24. Be4 Qb7 25. Bxd5 Rxd5 26. Rd3 Rcd8 27. Rad1 Rxd3 28. Rxd3 Rxd3 29. Qxd3 Qd5 30. Qxd5 exd5 31. Kf1 Kf8 32. Ke2 Ke7 33. Kd3 Ke6 34. Kd4 Kd6 35. f4 g6 36. g3 h5 37. b3 f6 38. g4 h4 39. a3 a5 40. b4 a4 41. Ke3 Ke6 42. Kd4 Kd6 43. Kd3 Kd7 44. Ke3 Ke7 45. Kd4 Kd6 46. g5 f5 1/2-1/2

[Event "EU-ch U12 Girls 26th"]
[Site "Prague"]
[Date "2016.08.18"]
[Round "1"]
[White "Bolu, Yagmur"]
[Black "Lehaci, Miruna Daria"]
[Result "0-1"]
[WhiteElo "1510"]
[BlackElo "1860"]
[PlyCount "72"]
[EventDate "2016.08.18"]
[EventType "swiss"]
[EventRounds "9"]
[EventCountry "CZE"]
[SourceTitle "CBM 174 Extra"]
[Source "ChessBase"]
[SourceDate "2016.10.10"]
[SourceVersion "1"]
[SourceVersionDate "2016.10.10"]
[SourceQuality "1"]

1. d4 Nf6 2. Bf4 e6 3. Nf3 b6 4. e3 Bb7 5. h3 Be7 6. Bd3 d6 7. Nbd2 c5 8. c3 cxd4 9. cxd4 Nc6 10. Be2 0-0 11. 0-0 Qb8 12. Rc1 e5 13. dxe5 dxe5 14. Bh2 Rd8 15. Qb3 Bd6 16. Nc4 Bc7 17. Rfd1 Nd7 18. a3 Nc5 19. Qa2 e4 20. Rxd8+ Qxd8 21. Nfe5 Bxe5 22. Nxe5 Nxe5 23. Bxe5 Qd2 24. Rxc5 bxc5 25. Qc4 a5 26. Qb5 Qd5 27. Bc4 Qxe5 28. Qxb7 Rd8 29. Qxf7+ Kh8 30. Bb3 Qxb2 31. a4 Rb8 32. Bd5 Qe5 33. g3 Qf6 34. Qc7 Rb1+ 35. Kg2 Qf3+ 36. Kh2 Rh1# 0-1